1076 1712 1801 1207 1948 1862 1366 1792 1211 1839 1228 1739 1209 1201 1857 1087 1573 1930 1626 1523 1033 1161 1607 1115 1317 1303 1196 1541 1967 1952 1966 1757 1839 1913 1824 1038 1822 1256 1153 1246 1324 1017 1592 1927 1301 1382 1918 1805 1825 1222 1153 1506 1462 1404 1132 1086 1199 1979 1662 1350 1783 1229 1870 1458 1752 1344 1942 1881 1612 1018 1934 1201 1209 1926 1084 1835 1006 1568 1097 1572 1706 1754 1766 1049 1918 1121 1173 1986 1503 1253 1186 1454 1150 1069 1047 1096 1557 1400 1483 BCNSPRNW ULIB Ver.6.0+V

เปลี่ยนเป็นภาษาไทย

Change to English
 แสดงรายละเอียดบรรณานุกรม
  กลับหน้าหลัก

Brief Record : Get Marc (ISO 2709) : E-mail record : QR code < ปิดหน้าต่าง
LEADER : 00000nam 2200000uu 4500
001    13399129210
003     ULIB
008    260511s2568||||th 000 0 tha d
020    ^a9786169423348
060  4 ^aWB100^bว841C^cล.3
100 0  ^aวีระเดช พิศประเสริฐ
245 0  ^aCase-based approaches in internal medicine /^cบรรณาธิการ: วีระเดช พิศประเสริฐ, เนาวนิตย์ นาทา, กนกพร สรรพวิทยกุล, วิชัย ประยูรวิวัฒน์
250    ^aพิมพ์ครั้งที่ 1.
260    ^aกรุงเทพฯ :^bราชวิทยาลัยอายุรแพทย์แห่งประเทศไทย ในพระบรมราชูปถัมภ์,^c2568.
300    ^aก-ฏ, 260 หน้า :^bภาพประกอบ (ภาพสีบางภาพ), แผนภูมิ ;^c21 ซม
505 0  ^aAppropriate laboratory investigation and drug use in patients with diabetes mellitus / นิษฐา ปรุงวิทยา -- Appropriate laboratory investigation and drug use in patients with hypertension / บัญชา สถิระพจน์ -- Appropriate laboratory investigation for hepatitis / เฉลิมรัฐ บัญชรเทวกุล -- Appropriate laboratory investigation for infectious diseases / จักรพงษ์ บรูมินเหนทร์ -- Appropriate laboratory investigation for kidney diseases / พิสิษฐ์ โพธิ์ทอง -- Appropriate laboratory investigation in preoperative evaluation / ปิติพงศ์ กิจรัตนะกุล -- Appropriate laboratory investigation in cardiology / โพธิ์ จรรยาวนิชย์ -- Appropriate laboratory investigation in clinical nutrition / ชายธง ชูเรืองสุข -- Appropriate laboratory investigation in critical care / กลวิชย์ ตรองตระกูล -- Appropriate laboratory investigation in hematology / รัฐพันธ์ ละมูล -- Appropriate laboratory investigation in neurology / ปานศิริ ไชยรังสฤษดิ์ -- Appropriate laboratory investigation in oncology / ณัฏยา ภู่วรวรรณ -- Appropriate laboratory investigation for pulmonary diseases / สิรภัทร ตุลาธรรมกิจ -- Appropriate laboratory investigation in rheumatology / พิณทิพย์ งามจรรยาภรณ์ -- Appropriate laboratory investigation in toxicology / สหภูมิ ศรีสุมะ -- Appropriate laboratory investigation in older patients with delirium / รภัส สมะลาภา
520    ^aaหลักการพื้นฐานของกระบวนการดูแลผู้ป่วยประกอบด้วยการซักประวัติ การตรวจร่างกาย และการส่งตรวจทางห้องปฏิบัติการ เพื่อนำไปสู่การวินิจฉัย การวางแผนการรักษา และการติดตามอย่างเหมาะสม ทั้งนี้ ในปัจจุบันความรู้และการพัฒนาทางการแพทย์ได้ก้าวหน้าอย่างรวดเร็ว มีเทคโนโลยีใหม่ ๆ มากมายช่วยในการวินิจฉัยและการรักษาผู้ป่วยเพื่อเพิ่มประสิทธิภาพในกระบวนการดูแลรักษาผู้ป่วย รวมทั้งใช้ทรัพยากรอย่างคุ้มค่า แนวทางนี้มีประโยชน์อย่างยิ่งสำหรับนักศึกษาแพทย์ แพทย์ประจำบ้าน และแพทย์เฉพาะทาง หนังสือ "Case-based approaches in internal medicine" เล่ม 3 นี้เน้นความสำคัญเกี่ยวกับการส่งตรวจทางห้องปฏิบัติการอย่างเหมาะสม ทั้งนี้ ความรู้ทางการแพทย์มีการพัฒนาอย่างต่อเนื่อง รวมทั้งแนวทางการส่งตรวจทางห้องปฏิบัติการอาจมีการปรับเปลี่ยนได้ขึ้นอยู่กับหลายปัจจัย เช่น อาการแสดงทางคลินิก ศักยภาพของโรงพยาบาล เป็นต้น ราชวิทยาลัยอายุรแพทย์แห่งประเทศไทยตระหนักถึงความสำคัญของกระบวนการดูแลรักษาผู้ป่วยแบบองค์รวมว่าเป็นหัวใจสำคัญในการฝึกอบรมผู้มีความรู้ความชำนาญในการประกอบวิชาชีพเวชกรรม สาขาอายุรศาสตร์
650  2 ^aInternal Medicine.
650  7 ^aผู้ป่วย^xการพยาบาล
650  7 ^aอายุรศาสตร์
700 0  ^aวีระเดช พิศประเสริฐ^eบรรณาธิการ
710 2  ^aราชวิทยาลัยอายุรแพทย์แห่งประเทศไทย ในพระบรมราชูปถัมภ์
999    ^aประนอม เกษจรัล
รายการนี้ยังไม่มีแท็ก
คุณยังไม่ได้ล็อกอิน คุณสามารถมีกิจกรรมร่วมกับเว็บไซต์ได้ แต่ต้องล็อกอินก่อน ::
  ล็อกอิน

รายการสื่อสารสนเทศ

ลำดับที่ ประเภท เลขเรียก/บาร์โค้ด สถานที่ สถานะ
1. วิทยาศาสตร์การแพทย์ และสุขภาพ
หนังสือสำรอง
สถานะ=หนังสือสำรอง
WB100 ว841C ล.3 ฉ.1 
  Barcode: 012195
ห้องสมุดวิทยาเขตสวรรค์ประชารักษ์
►หนังสือทั่วไป
บนชั้น

รายการใกล้เคียง
    ผู้แต่ง [วีระเดช พิศประเสริฐ]

    หัวเรื่อง [Internal Medicine.]
    หัวเรื่อง [ผู้ป่วย การพยาบาล]
    หัวเรื่อง [อายุรศาสตร์]

BibComment


ยังไม่เคยถูกคอมเมนท์

คอมเมนท์ทรัพยากรรายการนี้
  คอมเมนท์: Casebased approa..


 Copyright 2026. Bcnsprnw @Library